Management development : strategy and practice /
This book is about: The purpose of management development; Identifying development needs; management development interventions; Meeting different management development needs.
Na minha lista:
| Autor principal: | |
|---|---|
| Outros Autores: | |
| Formato: | Livro |
| Idioma: | English |
| Publicado em: |
Malden, Mass :
Blackwell Business,
1998.
|
| Assuntos: | |
| Tags: |
Adicionar Tag
Sem tags, seja o primeiro a adicionar uma tag!
|
| Thư viện lưu trữ: | Mạng thư viện Đại học Đà Nẵng |
|---|
| LEADER | 01204cam a2200385 i 4500 | ||
|---|---|---|---|
| 001 | 000049056 | ||
| 003 | 8784 | ||
| 005 | 20051111142338.0 | ||
| 008 | 010321b1998 vm 000 eng | ||
| 020 | |a 0631198660 | ||
| 040 | |a IRC |c IRC |d IRC | ||
| 041 | 0 | |a eng | |
| 082 | 1 | 4 | |a 658.407124 |b WO-J |
| 100 | 1 | |a Woodall, Jean, |d 1950- | |
| 245 | 0 | 0 | |a Management development : |b strategy and practice / |c Jean Woodall and Diana Winstanley. |
| 260 | |a Malden, Mass : |b Blackwell Business, |c 1998. | ||
| 300 | |a xi, 290 p. : |b ill. ; |c 24.5cm. | ||
| 520 | 3 | |a This book is about: The purpose of management development; Identifying development needs; management development interventions; Meeting different management development needs. | |
| 630 | 0 | 4 | |a Management. |
| 630 | 0 | 4 | |a Executives. |
| 630 | 0 | 4 | |a Career. |
| 650 | 0 | 4 | |a Career development. |
| 650 | 0 | 4 | |a Executives |x Training of. |
| 650 | 0 | 4 | |a Management |x Vocational guidance. |
| 700 | 1 | |a Winstanley, Diana. | |
| OWN | |a DUT | ||
| 999 | |a From the UDN01 | ||
| TYP | |a Monograph | ||
| TYP | |a Printed language | ||
| 980 | |a Mạng thư viện Đại học Đà Nẵng | ||


